Kľúč v tvojej ruke multi-level marketing

Bibliographic Details
Main Author: Clothier, Peter (Author)
Other Authors: Menyhárt, Attila (Translator), Pilátová, Marianna (Translator), Szulényiová, Anna (Translator), Seková, Andrea (Translator)
Format: Book
Language:Slovak
English
PhysicalDescription:204 strán grafy, schémy 21 cm
Published: Holice Pelikán 1995
ISBN:8096731106
Edition:1. vyd.
Subjects:

MARC

LEADER 00000cam a2200000 a 4500
001 vtls001078844
003 SK-MaSNL
005 20260301153216.0
008 240226s1995 xo dl frf 000 0 slo
015 |a SNBA1995/06 
020 |a 8096731106  |q (brožované) 
035 |a SNK000021679 
040 |a SNK  |b slo  |c SNK  |e AACR2 
041 1 |a slo  |h eng 
044 |a xo  |c SK 
072 7 |a 339  |x Obchod  |2 konspekt 
080 |a 658.8+339.138  |2 1997 
080 |a 339.138  |2 1997 
080 |a 339.187.42  |2 2011 
080 |a (035)  |2 2011 
100 1 |a Clothier, Peter  |4 aut  |9 513615 
240 1 0 |a Multi-Level Marketing  |l Slovensky 
245 1 0 |a Kľúč v tvojej ruke  |b multi-level marketing  |c Peter Clothier ; [prekladatelia: Attila Menyhárt, Marianna Pilátová, Anna Szulényiová, Andrea Seková] 
246 3 0 |a Multi-level marketing 
250 |a 1. vyd. 
260 |a Holice  |b Pelikán  |c 1995 
300 |a 204 strán  |b grafy, schémy  |c 21 cm 
500 |a Pravdepodobne preložené z angličtiny. Preklad bol vyhotovený na základe 2. vydania tejto knihy z roku 1992 
650 0 7 |a sieťový marketing  |2 SNKPH  |9 75850 
655 7 |a príručky  |2 SNKPH  |9 74364 
700 1 |a Menyhárt, Attila  |4 trl  |9 514532 
700 1 |a Pilátová, Marianna  |4 trl  |9 514533 
700 1 |a Szulényiová, Anna  |4 trl  |9 299636 
700 1 |a Seková, Andrea  |4 trl  |9 514534 
919 |a 80-967311-0-6 
954 |a odborná, vedecká literatúra cudzojazyčná (svetová)  |2 lita 
958 |a EUIPO 
958 |a APR 
958 |a TL 
958 |a OP 
958 |a NS 
958 |a OND 
968 |b ENG 
999 |c 792005  |d 793935 
952 |a SNK  |b SNK  |y VYP  |7 0  |p 17A0078969  |o snkSC 88275 D1  |0 0  |1 0  |4 0  |d 1997-07-09  |l 0  |r 2004-12-31 00:00:00  |w 2026-02-24 
952 |a SNK  |b SNK  |y PREZ  |7 0  |p 17A1012654  |o snkSC 88275  |i snkKSP 4836/95  |0 0  |1 0  |4 0  |d 2013-07-12  |f 1  |l 0  |r 2026-02-24 01:41:17  |w 2026-02-24